Paroles secrètes n°1 - Statistiques

Statistiques générales
  • Ce quiz a été pris 284 fois
  • Le résultat moyen est 85 sur 201
Statistiques - réponses
paroles % Correct
à
93%
le
91%
la
90%
de
83%
il
82%
et
80%
tu
76%
les
75%
Un
70%
un
70%
se
65%
des
64%
ne
60%
par
60%
en
59%
jour
59%
nous
59%
toi
59%
ça
57%
moi
57%
Moi
57%
que
57%
pas
56%
vie
55%
on
54%
avec
53%
au
52%
mais
52%
dans
49%
son
47%
du
43%
si
43%
va
43%
c'est
42%
soi
42%
y
36%
quoi
35%
fait
34%
j'irai
33%
sur
33%
New York
32%
coeur
30%
part
29%
là-bas
28%
voir
28%
toutes
27%
avoir
26%
oui
26%
Téléphone Auteur
26%
autre
25%
ci
25%
New York avec toi Titre
24%
nuits
23%
bat
22%
crois
22%
ville
22%
ont
20%
verras
20%
t'y
19%
déconner
18%
leurs
18%
m'emmèneras
18%
puis
18%
bout
17%
chat
17%
froid
17%
conditionné
16%
rat
16%
chez
15%
emmène
15%
entier
15%
grand
15%
l'air
15%
corps
14%
doigts
14%
film
14%
noir
14%
partagée
14%
ronron
14%
aucun
13%
côté
13%
j'aurai
13%
j'y
13%
tailladée
13%
bercés
12%
dormir
12%
hôtel
12%
jouera
11%
parfois
11%
saigner
11%
coeurs
10%
murs
10%
nulle
10%
serrer
10%
bois
9%
couleur
9%
gay
9%
oubliera
9%
vite
9%
délatté
8%
peinture
8%
tellement
8%
vider
8%
trainer
7%
toucher
6%
clubs
5%
flaques
5%
Aucun quiz correspondant
Distribution des résultats
% des personnes avec chaque résultat
Percentile par nombre de réponses
Votre historique - résultats
Vous n’avez pas pris ce quiz